00572nam a22001932a 450000100060000000300080000600500170001400800410003103500190007204000320009104100080012308200200013110000160015124501110016726000380027830000290031650400200034565000130036516634BD-RjUL20211209000032.0140215t1938 enka 001 0 eng d a(BD-RjUL)16689 aSHHcSHHdEQOdDB-RjULbeng aeng04a797.2bLES 19381 aLear, H. A.10aSwim like a fish :bhow to become an all-round swimmer /cby H. A. Lear... with foreword by Fred G. Milton aLondon :bA. Brown & Sons,c1938. a109 p. :bill. ;c19 cm. aincludes index. 0aSwimming